Power quality analysis based on root mean square and discrete fourier transform /
Saved in:
| 主要作者: | |
|---|---|
| 格式: | Thesis 圖書 |
| 語言: | English |
| 出版: |
2018.
|
| 主題: | |
| 在線閱讀: | http://studentsrepo.um.edu.my/12193/ |
| 標簽: |
添加標簽
沒有標簽, 成為第一個標記此記錄!
|
| LEADER | 01937cam a2200409 i 4500 | ||
|---|---|---|---|
| 001 | u1134565 | ||
| 003 | SIRSI | ||
| 005 | 202006021254 | ||
| 008 | 200602s2018 my a m 000 0 eng | ||
| 040 | |a UMJ |d UMM |e rda | ||
| 090 | |a TK7 |b UM 2018 Nooay | ||
| 097 | |a TK7 |b UM 2018 Nooay | ||
| 100 | 0 | |a Noor Asilah Yaacob, |e author. | |
| 245 | 1 | 0 | |a Power quality analysis based on root mean square and discrete fourier transform / |c Noor Asilah Yaacob. |
| 264 | 1 | |c 2018. | |
| 300 | |a xiii, 59 leaves : |b illustrations ; |c 30 cm | ||
| 336 | |a text |2 rdacontent | ||
| 336 | |a still image |2 rdacontent | ||
| 337 | |a unmediated |2 rdamedia | ||
| 337 | |a computer |2 rdamedia | ||
| 338 | |a volume |2 rdacarrier | ||
| 338 | |a computer disc |2 rdacarrier | ||
| 502 | |b M.Eng. |c Jabatan Kejuruteraan Elektrik, Fakulti Kejuruteraan, Universiti Malaya |d 2018. | ||
| 505 | |a Bibliography: leaves 55-57. | ||
| 530 | |a Also issued in CD. | ||
| 650 | 0 | |a Electric power systems. | |
| 650 | 0 | |a Electric power system stability. | |
| 650 | 0 | |a Electric power systems |x Quality control. | |
| 650 | 0 | |a System analysis. | |
| 710 | 2 | |a Universiti Malaya. |b Jabatan Kejuruteraan Elektrik, |e degree granting institution. | |
| 856 | 4 | 1 | |u http://studentsrepo.um.edu.my/12193/ |
| 900 | |a AMA ZR | ||
| 596 | |a 1 7 | ||
| 999 | |a TK7 UM 2018 NOOAY |w LC |c 1 |i A516954445 |l STACKS |m P07JURUTER |r Y |s Y |t TESIS |u 23/6/2020 |o .STAFF. Embargoed until 12/12/2020. CD & agreement kept in the Engineering library. | ||
| 999 | |a TK7 UM 2018 NOOAY |w LC |c 2 |i A516954406 |f 17/7/2020 |g 1 |l STACKS |m P07JURUTER |r N |s Y |t TESIS |u 17/7/2020 |1 STEM |o .PUBLIC. | ||
| 999 | |a TK7 UM 2018 NOOAY |w LC |c 3 |i A516954468 |f 17/7/2020 |g 1 |l STACKS |m P07JURUTER |r N |s Y |t CD |u 17/7/2020 |1 STEM |o .PUBLIC. | ||
| 999 | |a TK7 UM 2018 NOOAY |w LC |c 1 |i A517481778 |f 14/7/2020 |g 1 |l STACKS |m P01UTAMA |r Y |s N |t TESIS |u 1/7/2020 |1 STEM |o .PUBLIC. Only electronic copy restricted until 12.12.2020 - student's agreement sent to UMARCHI - ZR 20/7/2020 |o .STAFF. | ||
